Miasta w województwie podkarpackim - nagła śmierć - Statystyki

Ogólne statystyki
  • Ten quiz został rozwiązany 285 razy
  • Średni wynik to 13 z 25
Answers on the Grid
Answers color-coded by a green-red scale on the quiz's grid according to % correct below.
Przemyśl
Tarnów
Krosno
Lipsk
Dębica
Hrubieszów
Opatów
Jarosław
Mielec
Sanok
Węgorzewo
Lubaczów
Kalwaria Zebrzydowska
Lesko
Bochnia
Dubiecko
Kolbuszowa
Frampol
Mikstat
Radymno
Dynów
Tyczyn
Zaklików
Bircza
Puławy
Węgrów
Strzyżów
Wschowa
Brańsk
Narol
Koluszki
Morąg
Bytów
Pajęczno
Iwonicz-Zdrój
Prudnik
Dobiegniew
Sandomierz
Przeworsk
Cieszyn
Czarne
Przecław
Kłobuck
Sieniawa
Baranów Sandomierski
Ropczyce
Brzozów
Bełchatów
Pruchnik
Łobez
 
Statystyki odpowiedzi
Odpowiedź % Poprawnych
Mielec
77%
Przemyśl
77%
Jarosław
73%
Krosno
73%
Sanok
73%
Dębica
69%
Kolbuszowa
64%
Przeworsk
64%
Lesko
63%
Brzozów
57%
Ropczyce
57%
Strzyżów
54%
Lubaczów
53%
Iwonicz-Zdrój
49%
Dynów
48%
Radymno
44%
Sieniawa
41%
Baranów Sandomierski
38%
Tyczyn
36%
Dubiecko
34%
Przecław
34%
Bircza
33%
Narol
30%
Zaklików
30%
Pruchnik
22%
Nie znaleziono quizów pasujących do podanych kryteriów
Rozkład punktacji
Procent ludzi z każdym wynikiem
Percentyl według liczby udzielonych odpowiedzi
Twoja historia wyników
Nie rozwiązałeś tego quizu